ISDN / (Record no. 615210)

000 -LEADER
fixed length control field 00381nam a2200133 4500
003 - CONTROL NUMBER IDENTIFIER
control field NUST
082 ## - DEWEY DECIMAL CLASSIFICATION NUMBER
Classification number 621.382,GIL
100 ## - MAIN ENTRY--PERSONAL NAME
Personal name Gilani, Ehsan Anwar (TE-31)
9 (RLIN) 131235
245 ## - TITLE STATEMENT
Title ISDN /
Statement of responsibility, etc. NC Ehsan Anwar Gilani, Asad Ullah Khan, Hasan Hafeez Khan and Fawad Amir
260 ## - PUBLICATION, DISTRIBUTION, ETC.
Place of publication, distribution, etc. Rawalpindi
Name of publisher, distributor, etc. MCS (NUST)
Date of publication, distribution, etc. 1999
300 ## - PHYSICAL DESCRIPTION
Extent 91 p.;
650 ## - SUBJECT ADDED ENTRY--TOPICAL TERM
Topical term or geographic name entry element Project Report
9 (RLIN) 34829
942 ## - ADDED ENTRY ELEMENTS (KOHA)
Source of classification or shelving scheme
Koha item type Project Report
Holdings
Withdrawn status Lost status Source of classification or shelving scheme Damaged status Not for loan Permanent Location Current Location Shelving location Date acquired Total Checkouts Full call number Barcode Date last seen Price effective from Koha item type Public note
          Military College of Signals (MCS) Military College of Signals (MCS) Reference 10/20/2025   621.382,GIL MCSPTE-74 10/20/2025 10/20/2025 Project Report Almirah No.90, Shelf No.2
© 2023 Central Library, National University of Sciences and Technology. All Rights Reserved.